Drapeaux des pays commençant par T - Statistiques

Statistiques générales
  • Ce quiz a été pris 264 fois
  • Le résultat moyen est 11 sur 13
Statistiques - réponses
Par images Réponse % Correct
Turquie
100%
Tunisie
98%
Thaïlande
94%
Tanzanie
89%
Turkménistan
87%
Tchad
85%
Togo
83%
Taïwan
80%
Tadjikistan
79%
Tuvalu
74%
Tonga
73%
Trinité-et-Tobago
73%
Timor Oriental
56%
Aucun quiz correspondant
Distribution des résultats
% des personnes avec chaque résultat
Percentile par nombre de réponses
Votre historique - résultats
Vous n’avez pas pris ce quiz